Constitution of India (Record no. 628)

MARC details
000 -LEADER
fixed length control field 00286nam a2200109 4500
008 - FIXED-LENGTH DATA ELEMENTS--GENERAL INFORMATION
fixed length control field 160623b xxu||||| |||| 00| 0 eng d
100 ## - MAIN ENTRY--PERSONAL NAME
9 (RLIN) 785
Personal name Puri, G.K
245 ## - TITLE STATEMENT
Title Constitution of India
260 ## - PUBLICATION, DISTRIBUTION, ETC. (IMPRINT)
Place of publication, distribution, etc. N.D
Name of publisher, distributor, etc. Comptition Review Pvt.Ltd.
300 ## - PHYSICAL DESCRIPTION
Extent Constitution of India
942 ## - ADDED ENTRY ELEMENTS (KOHA)
Source of classification or shelving scheme Dewey Decimal Classification
Koha item type BOOK
Holdings
Withdrawn status Lost status Source of classification or shelving scheme Damaged status Not for loan Home library Current library Shelving location Date acquired Total Checkouts Full call number Barcode Date last seen Price effective from Koha item type
    Dewey Decimal Classification     Good Samaritan School Library Good Samaritan School Library   06/23/2016   956 PUR1424 06/23/2016 06/23/2016 BOOK

Powered by Koha